Bibliografía de Pego / (Record no. 100440)

MARC details
000 -LEADER
campo de control de longitud fija 00730nam a2200217 i 4500
001 - NÚMERO DE CONTROL
campo de control 100440
003 - IDENTIFICADOR DE NÚMERO DE CONTROL
campo de control ES-MaACL
005 - FECHA Y HORA DE LA ÚLTIMA TRANSACCIÓN
campo de control 20230906182656.0
007 - CAMPO FIJO DE DESCRIPCIÓN FÍSICA--INFORMACIÓN GENERAL
campo de control de longitud fija t|
008 - DATOS DE LONGITUD FIJA--INFORMACIÓN GENERAL
campo de control de longitud fija 050928s1958 sp ||||1| spa d
100 1# - ENTRADA PRINCIPAL--NOMBRE DE PERSONA
Nombre de persona Mas y Gil, Luis.
9 (RLIN) 78650
245 10 - MENCIÓN DEL TÍTULO
Título Bibliografía de Pego /
Mención de responsabilidad, etc. Luis Mas y Gil.
260 ## - PUBLICACIÓN, DISTRIBUCIÓN, ETC.
Lugar de publicación, distribución, etc. Alicante :
Nombre del editor, distribuidor, etc. Comisión Provincial de Monumentos Históricos y Artísticos,
Fecha de publicación, distribución, etc. 1958.
300 ## - DESCRIPCIÓN FÍSICA
Extensión 40 p. ;
Dimensiones 21 cm.
490 1# - MENCIÓN DE SERIE
Mención de serie Bibliografía alicantina
651 #4 - PUNTO DE ACCESO ADICIONAL DE MATERIA--NOMBRE GEOGRÁFICO
Nombre geográfico Pego-
Subdivisión de forma Bibliografías.
9 (RLIN) 157732
710 2# - ENTRADA AGREGADA--NOMBRE DE ENTIDAD CORPORATIVA
Nombre de entidad corporativa o nombre de jurisdicción como elemento de entrada Comisión Provincial de Monumentos Históricos y Artísticos (Alicante)
9 (RLIN) 3061
830 0# - PUNTO DE ACCESO ADICIONAL DE SERIE-TÍTULO UNIFORME
Título uniforme Bibliografía alicantina
9 (RLIN) 232434
852 ## - LOCALIZACIÓN
Ubicación ES-MaACL
Número de control de estantería 2005-F-1
Sublocalización o colección R.42257
Holdings
Estatus retirado Estado de pérdida Estado de daño No para préstamo Colección Biblioteca de origen Biblioteca actual Ubicación en estantería Fecha de adquisición Fuente de adquisición Total de préstamos Signatura topográfica completa Código de barras Visto por última vez Precio de reemplazo Tipo de ítem Koha
        Colección de folletos Biblioteca del Ateneo de Madrid Biblioteca del Ateneo de Madrid Depósito folletos 17/01/2008     2005-F-1 1104870 23/02/2023 23/02/2023 Folleto